| 000 | 00437nam a22001337a 4500 | ||
|---|---|---|---|
| 020 | _a0-471-05887-4 | ||
| 082 | _a519.53702462 BEN'E | ||
| 100 |
_aBENDAT, J. S:PIERSOL, A. G _968054 |
||
| 245 | _aENGINEERING APPLICATION OF CORRELATION AND SPECTRAL ANALYSIS | ||
| 260 |
_aNEWYORK _bJOHN WILEY _c1980 |
||
| 300 | _a302P | ||
| 650 |
_aENGINEERING STATISTICAL METHODS CORRELATION STATISTICS SPECTRAL THEORY MATHEMATICS _968055 |
||
| 942 | _cBK | ||
| 999 |
_c575713 _d575713 |
||